000 00275nam a22001337a 4500
008 171014b xxu||||| |||| 00| 0 eng d
020 _a9780071736114
041 _aeng
080 _a331
100 _a52
101 _aPUN
245 _aWIN-WIN
_cHOLPP, L
942 _2udc
_cBK
999 _c33954
_d33954